5HLuxD.jpg

KING HENRY VIII SENIOR AND PRIMARY SCHOOL LIBRARY OPAC

Acción gramática! : (Record no. 655)

000 -LEADER
fixed length control field 01039nam a2200361 a 4500
001 - CONTROL NUMBER
control field 017091903
003 - CONTROL NUMBER IDENTIFIER
control field UkOxU
005 - DATE AND TIME OF LATEST TRANSACTION
control field 20190920093830.0
008 - FIXED-LENGTH DATA ELEMENTS--GENERAL INFORMATION
fixed length control field 060321s2006 enk 000 0 eng u
015 ## - NATIONAL BIBLIOGRAPHY NUMBER
National bibliography number GBA631468
020 ## - INTERNATIONAL STANDARD BOOK NUMBER
International Standard Book Number 0340915269
020 ## - INTERNATIONAL STANDARD BOOK NUMBER
International Standard Book Number 9780340915264
035 ## - SYSTEM CONTROL NUMBER
System control number (UkNcU)000469830
035 ## - SYSTEM CONTROL NUMBER
System control number (IeDuTC)b15260123
035 ## - SYSTEM CONTROL NUMBER
System control number (UkLCURL)08b15260123
038 ## - RECORD CONTENT LICENSOR
Record content licensor Uk
040 ## - CATALOGING SOURCE
Original cataloging agency BDS
Transcribing agency KH8
041 0# - LANGUAGE CODE
Language code of text/sound track or separate title eng
-- spa
049 ## - LOCAL HOLDINGS (OCLC)
Local processing data b
082 14 - DEWEY DECIMAL CLASSIFICATION NUMBER
Classification number 468 TUR
Edition number 22
090 ## - LOCALLY ASSIGNED LC-TYPE CALL NUMBER (OCLC); LOCAL CALL NUMBER (RLIN)
Classification number (OCLC) (R) ; Classification number, CALL (RLIN) (NR) TCD
Local cutter number (OCLC) ; Book number/undivided call number, CALL (RLIN) PL-476-435
100 1# - MAIN ENTRY--PERSONAL NAME
Personal name Turk, Phil.
Relator term author
245 10 - TITLE STATEMENT
Title Acción gramática! :
Remainder of title new advanced Spanish grammar /
Statement of responsibility, etc. Phil Turk and Mike Zollo.
250 ## - EDITION STATEMENT
Edition statement 3rd ed.
260 ## - PUBLICATION, DISTRIBUTION, ETC.
Place of publication, distribution, etc. London :
Name of publisher, distributor, etc. Hodder Murray,
Date of publication, distribution, etc. 2006.
300 ## - PHYSICAL DESCRIPTION
Extent ix, 309 p. :
Other physical details ill. ;
Dimensions 24 cm.
500 ## - GENERAL NOTE
General note Subtitle from cover.
500 ## - GENERAL NOTE
General note Previous ed.: London: Hodder & Stoughton, 2000.
650 #0 - SUBJECT ADDED ENTRY--TOPICAL TERM
Topical term or geographic name entry element Spanish language
General subdivision Grammar.
650 #0 - SUBJECT ADDED ENTRY--TOPICAL TERM
Topical term or geographic name entry element Spanish language
Form subdivision Textbooks for foreign speakers
General subdivision English.
700 1# - ADDED ENTRY--PERSONAL NAME
Personal name Zollo, Mike.
Relator term author
942 ## - ADDED ENTRY ELEMENTS (KOHA)
Source of classification or shelving scheme
Koha item type Books - Non Ficton
Holdings
Withdrawn status Lost status Source of classification or shelving scheme Damaged status Not for loan Collection code Permanent Location Current Location Shelving location Date acquired Full call number Barcode Date last seen Copy number Price effective from Koha item type
          Non-Fiction KH8 Senior School Library KH8 Senior School Library Non Fiction 2019-09-20 468 TUR 3KHSL000101363 2019-09-20 1 2019-09-20 Books - Non Ficton
          Non-Fiction KH8 Senior School Library KH8 Senior School Library Non Fiction 2019-10-14 468 TUR 3KHSL000101418 2019-10-14 2 2019-10-14 Books - Non Ficton
          Teaching Resources KH8 Senior School Library KH8 Senior School Library Staff Office 2023-10-20 468 TUR TRKHSL004187 2023-10-20   2023-10-20 Teaching Resources
          Teaching Resources KH8 Senior School Library KH8 Senior School Library Staff Office 2023-10-20 468 TUR TRKHSL004188 2023-10-20   2023-10-20 Teaching Resources
          Teaching Resources KH8 Senior School Library KH8 Senior School Library Staff Office 2023-10-20 468 TUR TRKHSL004189 2023-10-20   2023-10-20 Teaching Resources
          Teaching Resources KH8 Senior School Library KH8 Senior School Library Staff Office 2023-10-20 468 TUR TRKHSL004190 2023-10-20   2023-10-20 Teaching Resources
          Teaching Resources KH8 Senior School Library KH8 Senior School Library Staff Office 2023-10-20 468 TUR TRKHSL004191 2023-10-20   2023-10-20 Teaching Resources
          Teaching Resources KH8 Senior School Library KH8 Senior School Library Staff Office 2023-10-20 468 TUR TRKHSL004192 2023-10-20   2023-10-20 Teaching Resources
          Teaching Resources KH8 Senior School Library KH8 Senior School Library Staff Office 2023-10-20 468 TUR TRKHSL004193 2023-10-20   2023-10-20 Teaching Resources
          Teaching Resources KH8 Senior School Library KH8 Senior School Library Staff Office 2023-10-20 468 TUR TRKHSL004194 2023-10-20   2023-10-20 Teaching Resources

Powered By KH8 IT Dept